| 000 | 00515cam a22001817a 4500 | ||
|---|---|---|---|
| 008 | 180718b1965 xxu||||| |||| 00| 0 eng d | ||
| 082 | _aA383 W52 | ||
| 100 | _aWest, Morris | ||
| 245 |
_aThe ambassador _cby Morris West |
||
| 260 |
_aLondon _bWilliam Heinemann _c1965 |
||
| 300 | _a274p. | ||
| 650 | _aVietnam -History -Fiction. | ||
| 650 | _aVietnam -Fiction | ||
| 650 | _aAmericans -Vietnam -Fiction | ||
| 650 | _aDiplomats-Fiction | ||
| 650 | _aAmericans -Vietnam -Fiction | ||
| 650 | _aAmbassadors -Fiction | ||
| 999 |
_c410630 _d410630 |
||